000 00507nam a22001817a 4500
005 20251108164132.0
008 250721s1994 xx 000 0 ara d
082 1 4 _a341.256505964/صور
100 1 _aالصوراني، منذر إبراهيم
245 1 0 _aو هكذا تم الأمر :
_bالحسين /
264 1 _aعمان :
_bصوت الشعب،
_c1994.
300 _a289ص
650 1 7 _aالأردن
650 1 7 _aإسرائيل
650 1 7 _aالسلام
942 _2ddc
_cBK
999 _c4524
_d4524